[Event "Toronto op"]
[Site "Toronto CAN"]
[Date "2023.09.03"]
[Round "3"]
[White "Yang, Lefan"]
[Black "Chiku-Ratte, Olivier-Kenta"]
[Result "1-0"]
[WhiteElo "1879"]
[BlackElo "2316"]
[PlyCount "112"]
[EventDate "2023.09.02"]
[EventType "swiss"]
[EventRounds "6"]
[EventCountry "CAN"]

1. d4 Nf6 2. c4 g6 3. Nc3 Bg7 4. e4 d6 5. Be2 O-O 6. Be3 c5 7. Nf3 Bg4 8. dxc5
dxc5 9. Qxd8 Rxd8 10. Bxc5 Nc6 11. Rd1 Rxd1+ 12. Kxd1 Nd7 13. Ba3 Bxf3 14. gxf3
Bd4 15. Nd5 e6 16. Ne3 Bc5 17. Bxc5 Nxc5 18. Nc2 a5 19. Kc1 Kg7 20. Rd1 Kf6 21.
Nd4 Nxd4 22. Rxd4 Ke5 23. Rd1 Rg8 24. Kc2 f5 25. a3 a4 26. Kc3 fxe4 27. Kb4 Rc8
28. fxe4 Kxe4 29. Rd2 Rc7 30. Bd1 Kf4 31. Bxa4 Nxa4 32. Kxa4 Rxc4+ 33. Kb5 Rc1
34. Kb6 e5 35. Kxb7 Kf3 36. b4 Ra1 37. b5 Rxa3 38. Rb2 e4 39. b6 g5 40. Kc7
Rc3+ 41. Kd7 Rd3+ 42. Ke7 e3 43. fxe3 Rxe3+ 44. Kf6 Re8 45. b7 Rb8 46. Kxg5 Ke4
47. Kh6 Ke5 48. Kxh7 Kf6 49. Rb6+ Kf7 50. h4 Kf8 51. Kg6 Ke7 52. Kg7 Kd7 53. h5
Kc7 54. Rb1 Kd6 55. h6 Ke6 56. h7 Kd5 1-0

[Event "Toronto op"]
[Site "Toronto CAN"]
[Date "2023.09.04"]
[Round "5"]
[White "Singh, Mahip"]
[Black "Chiku-Ratte, Olivier-Kenta"]
[Result "1/2-1/2"]
[WhiteElo "1850"]
[BlackElo "2316"]
[PlyCount "132"]
[EventDate "2023.09.02"]
[EventType "swiss"]
[EventRounds "6"]
[EventCountry "CAN"]

1. e4 c5 2. Nf3 e6 3. c3 Nf6 4. e5 Nd5 5. d4 cxd4 6. cxd4 d6 7. Bd3 Be7 8. O-O
Nc6 9. a3 dxe5 10. dxe5 g5 11. Be4 g4 12. Nd4 Nxe5 13. Re1 Ng6 14. Nf5 Ndf4 15.
Qxd8+ Bxd8 16. Nd6+ Ke7 17. Nxb7 Bxb7 18. Bxb7 Rb8 19. Ba6 Ba5 20. b4 Bb6 21.
Ra2 Rhd8 22. Nc3 Nd3 23. Bxd3 Rxd3 24. Ne4 f5 25. Nc5 Bxc5 26. bxc5 e5 27. g3
Kd7 28. Rd2 Rxd2 29. Bxd2 Kc6 30. Bc3 e4 31. Rd1 Rb3 32. Bb4 Rd3 33. Rxd3 exd3
34. f4 gxf3 35. Kf2 Ne5 36. Bc3 Kxc5 37. Ke3 f2 38. Kxf2 Nc4 39. a4 a6 40. Kf3
Kd5 41. h3 h5 42. Kf4 Nd6 43. Bb4 Kc4 44. Be1 Kb3 45. Ke5 d2 46. Bxd2 Nc4+ 47.
Kxf5 Nxd2 48. a5 Kc4 49. Kg6 Ne4 50. Kxh5 Nxg3+ 51. Kg5 Kd5 52. h4 Ke6 53. Kg6
Ke7 54. h5 Kf8 55. h6 Kg8 56. Kf6 Nf1 57. Ke6 Ne3 58. Kd6 Nc2 59. Kc6 Kh7 60.
Kb6 Nb4 61. Kc5 Nd3+ 62. Kb6 Nb2 63. Kxa6 Nc4 64. Kb5 Nxa5 65. Kxa5 Kg6 66. h7
Kxh7 1/2-1/2

[Event "Toronto op"]
[Site "Toronto CAN"]
[Date "2023.09.04"]
[Round "6"]
[White "Chiku-Ratte, Olivier-Kenta"]
[Black "Sambuev, Bator"]
[Result "1-0"]
[WhiteElo "2316"]
[BlackElo "2480"]
[PlyCount "53"]
[EventDate "2023.09.02"]
[EventType "swiss"]
[EventRounds "6"]
[EventCountry "CAN"]

1. d4 Nf6 2. c4 e6 3. Nf3 d5 4. Nc3 Be7 5. Bg5 h6 6. Bh4 O-O 7. e3 b6 8. cxd5
exd5 9. Bd3 Be6 10. O-O Nbd7 11. Rc1 c5 12. Bb1 Rc8 13. Ne5 cxd4 14. exd4 Ne4
15. Nxd5 Bxh4 16. Rxc8 Qxc8 17. Bxe4 Nxe5 18. dxe5 Qc4 19. Qf3 Qxa2 20. g3 Bd8
21. Nf4 Bg5 22. Bb1 Qc4 23. b3 Qxb3 24. Qe4 Rd8 25. Nxe6 fxe6 26. Qh7+ Kf8 27.
Bg6 1-0

[Event "Excelsior August op"]
[Site "Toronto CAN"]
[Date "2023.08.11"]
[Round "1.2"]
[White "Chiku-Ratte, Olivier-Kenta"]
[Black "Oancea, Nicolae"]
[Result "1-0"]
[WhiteElo "2403"]
[BlackElo "2100"]
[PlyCount "45"]
[EventDate "2023.08.11"]
[EventType "swiss"]
[EventRounds "5"]
[EventCountry "CAN"]

1. c4 c5 2. Nf3 Nc6 3. g3 g6 4. Bg2 Bg7 5. O-O Nf6 6. d4 cxd4 7. Nxd4 O-O 8.
Nc3 a6 9. c5 Qc7 10. Nb3 Rd8 11. Bf4 e5 12. Bg5 Re8 13. Rc1 Nd4 14. Bxf6 Bxf6
15. Ne4 Bg7 16. Nd6 Re7 17. e3 Nc6 18. Bd5 Rb8 19. Nd2 Nd8 20. N2c4 b5 21. cxb6
Qc5 22. Ne4 Qb5 23. Ncd6 1-0

[Event "Excelsior August op"]
[Site "Toronto CAN"]
[Date "2023.08.12"]
[Round "2.2"]
[White "Bordas, Gyula"]
[Black "Chiku-Ratte, Olivier-Kenta"]
[Result "0-1"]
[WhiteElo "1954"]
[BlackElo "2403"]
[PlyCount "61"]
[EventDate "2023.08.11"]
[EventType "swiss"]
[EventRounds "5"]
[EventCountry "CAN"]

1. e4 c5 2. Nf3 e6 3. d4 cxd4 4. Nxd4 Nc6 5. Be3 Qc7 6. Nc3 a6 7. Bd3 Nf6 8.
O-O b5 9. Qe2 h5 10. h3 Bb7 11. Nxc6 dxc6 12. Bg5 Nd7 13. f4 e5 14. f5 h4 15.
f6 Nxf6 16. Bxf6 gxf6 17. Rxf6 Be7 18. Rf5 Bc8 19. Rf3 Be6 20. Kh1 Bg5 21. a4
Ke7 22. b3 Qd6 23. Qf2 Qd4 24. Qxd4 exd4 25. Ne2 c5 26. axb5 axb5 27. Rxa8 Rxa8
28. Bxb5 Ra1+ 29. Ng1 c4 30. Kh2 d3 31. Kh1 0-1

[Event "Excelsior August op"]
[Site "Toronto CAN"]
[Date "2023.08.12"]
[Round "3.2"]
[White "Chiku-Ratte, Olivier-Kenta"]
[Black "Li, William"]
[Result "1/2-1/2"]
[WhiteElo "2403"]
[BlackElo "2272"]
[PlyCount "163"]
[EventDate "2023.08.11"]
[EventType "swiss"]
[EventRounds "5"]
[EventCountry "CAN"]

1. d4 Nf6 2. c4 e6 3. Nf3 b6 4. a3 Ba6 5. Qc2 Bb7 6. g3 c5 7. d5 exd5 8. cxd5
Nxd5 9. Bg2 Nc6 10. O-O Be7 11. Rd1 Nc7 12. h4 Ne6 13. e3 O-O 14. Nc3 Bf6 15.
Nd5 Rc8 16. Qf5 Be7 17. Bd2 g6 18. Qg4 h5 19. Qe4 Bf6 20. Nxf6+ Qxf6 21. Bc3
Qe7 22. Ne5 Nxe5 23. Qxb7 Rc7 24. Qd5 Nc6 25. Qc4 Rb8 26. a4 Rd8 27. Rd2 Nb4
28. Rad1 d5 29. Bxd5 Nxd5 30. Rxd5 Rxd5 31. Qxd5 Nf8 32. Qd8 Qxd8 33. Rxd8 Rd7
34. Rc8 f5 35. a5 Kf7 36. axb6 axb6 37. Rc6 Rb7 38. Rc8 Nd7 39. b4 cxb4 40.
Bxb4 Ne5 41. Bc3 Nd7 42. Rh8 Nf6 43. Bb4 b5 44. Rd8 Rb6 45. Bc5 Rb7 46. Bb4 Rb6
47. Kf1 Ke6 48. Ke2 Nd5 49. Bc5 Rc6 50. Bd4 Nc3+ 51. Bxc3 Rxc3 52. Rb8 Rc2+ 53.
Kf3 Rb2 54. Rb6+ Kf7 55. e4 fxe4+ 56. Ke3 b4 57. Rc6 b3 58. Rb6 Kg7 59. Rb4 Kf6
60. Rxe4 Rc2 61. Rf4+ Kg7 62. Kd3 Rc1 63. Rb4 Rc2 64. Rb7+ Kf6 65. f3 Rg2 66.
Rb6+ Kg7 67. Rxb3 Rxg3 68. Ke3 Rh3 69. Rb4 Rh1 70. Kf2 Ra1 71. Rb6 Ra4 72. Kg3
Kf7 73. Rd6 Rb4 74. Rd3 Kf6 75. Re3 Kf5 76. Re8 Kf6 77. Re4 Rxe4 78. fxe4 g5
79. hxg5+ Kxg5 80. e5 Kf5 81. Kh4 Kxe5 82. Kxh5 1/2-1/2

[Event "Excelsior August op"]
[Site "Toronto CAN"]
[Date "2023.08.13"]
[Round "5.2"]
[White "Chiku-Ratte, Olivier-Kenta"]
[Black "Ning, Eric"]
[Result "1-0"]
[WhiteElo "2403"]
[BlackElo "2135"]
[PlyCount "84"]
[EventDate "2023.08.11"]
[EventType "swiss"]
[EventRounds "5"]
[EventCountry "CAN"]

1. d4 Nf6 2. c4 g6 3. Nc3 d5 4. cxd5 Nxd5 5. e4 Nxc3 6. bxc3 Bg7 7. Nf3 O-O 8.
Be2 c5 9. Rb1 cxd4 10. cxd4 b6 11. O-O Bb7 12. d5 Nd7 13. Ba3 Rc8 14. Nd4 Nc5
15. Bg4 Nxe4 16. Bxc8 Nc3 17. Bxb7 Nxd1 18. Rbxd1 Qc7 19. Bc6 a6 20. Rfe1 Bf6
21. Ne2 Rd8 22. Ng3 h5 23. Ne4 Bg7 24. Ba4 Qa7 25. Bb3 b5 26. Bc5 Qb7 27. d6
exd6 28. Nxd6 Qc7 29. Ne4 Rxd1 30. Rxd1 Be5 31. Bd6 Bxd6 32. Nxd6 Qc3 33. Bxf7+
Kg7 34. Bb3 g5 35. Nf5+ Kg6 36. Ne3 Qc5 37. h3 h4 38. Kf1 a5 39. Rd5 Qc1+ 40.
Ke2 Qb2+ 41. Rd2 Qa3 42. Bc2+ Kf6 1-0

[Event "Quebec op"]
[Site "Montreal CAN"]
[Date "2023.07.29"]
[Round "1.6"]
[White "Peloquin, Charli"]
[Black "Chiku-Ratte, Olivier-Kenta"]
[Result "0-1"]
[WhiteElo "1791"]
[BlackElo "2318"]
[PlyCount "64"]
[EventDate "2023.07.29"]
[EventType "swiss"]
[EventRounds "9"]
[EventCountry "CAN"]

1. e4 e5 2. Nf3 Nc6 3. g3 Nf6 4. Nc3 Bc5 5. Bg2 d6 6. O-O a6 7. d3 h6 8. a3 Bg4
9. Ne2 d5 10. h3 dxe4 11. dxe4 Qxd1 12. Rxd1 Bh5 13. b4 Ba7 14. g4 Bg6 15. Nd2
O-O-O 16. Ng3 Nd4 17. c3 Ne6 18. Bb2 Nf4 19. c4 Nd3 20. Bc3 Nxf2 21. c5 Nxd1
22. Rxd1 Rd3 23. Bxe5 Re8 24. Bf4 Nxe4 25. Re1 Nf6 26. Rc1 Nd5 27. Bxd5 Rxd5
28. Nc4 Rd4 29. Bd2 Red8 30. Nf1 Bd3 31. Nb6+ Kb8 32. Bc3 cxb6 0-1

[Event "Quebec op"]
[Site "Montreal CAN"]
[Date "2023.07.29"]
[Round "2.5"]
[White "Chiku-Ratte, Olivier-Kenta"]
[Black "Duong, Thanh Nha"]
[Result "1/2-1/2"]
[WhiteElo "2318"]
[BlackElo "2116"]
[PlyCount "48"]
[EventDate "2023.07.29"]
[EventType "swiss"]
[EventRounds "9"]
[EventCountry "CAN"]

1. d4 Nf6 2. c4 e6 3. Nf3 b6 4. g3 Ba6 5. Qc2 d5 6. cxd5 exd5 7. Bf4 Bd6 8.
Qa4+ c6 9. Ne5 O-O 10. Nc3 b5 11. Qc2 Nh5 12. Be3 Qe7 13. Nf3 f5 14. Bg5 Qe8
15. a3 Bc8 16. Rg1 Nd7 17. Nxb5 cxb5 18. Qc6 Qe6 19. Qxa8 Ba6 20. Qxa7 Bb8 21.
Qa8 Bc7 22. Qa7 Bb8 23. Qa8 Bc7 24. Qa7 Bb8 1/2-1/2

[Event "Quebec op"]
[Site "Montreal CAN"]
[Date "2023.07.30"]
[Round "3.5"]
[White "Zhang, Chu Hang"]
[Black "Chiku-Ratte, Olivier-Kenta"]
[Result "1/2-1/2"]
[WhiteElo "1953"]
[BlackElo "2318"]
[PlyCount "72"]
[EventDate "2023.07.29"]
[EventType "swiss"]
[EventRounds "9"]
[EventCountry "CAN"]

1. e4 e5 2. Nf3 Nc6 3. d4 exd4 4. Nxd4 Nf6 5. Nxc6 bxc6 6. e5 Nd5 7. c4 Ne7 8.
Bd3 Ng6 9. O-O Bc5 10. Re1 O-O 11. Nd2 d6 12. exd6 cxd6 13. Ne4 Bd4 14. Ng5 Bf6
15. Qh5 Bxg5 16. Bxg5 Qa5 17. Bxg6 hxg6 18. Qh4 f6 19. Be3 Bf5 20. Qd4 d5 21.
cxd5 Qxd5 22. b4 Qxd4 23. Bxd4 Rfd8 24. Bc5 Rd2 25. a4 a6 26. Rac1 Rc2 27. Rxc2
Bxc2 28. a5 Rd8 29. h4 Rd5 30. Re8+ Kh7 31. Rc8 Ba4 32. Rc7 Kg8 33. Rc8+ Kf7
34. Rc7+ Kg8 35. Rc8+ Kh7 36. Rc7 Kg8 1/2-1/2

[Event "Quebec op"]
[Site "Montreal CAN"]
[Date "2023.07.31"]
[Round "4.3"]
[White "Chiku-Ratte, Olivier-Kenta"]
[Black "Zhu, Hong Rui"]
[Result "1/2-1/2"]
[WhiteElo "2318"]
[BlackElo "2176"]
[PlyCount "108"]
[EventDate "2023.07.29"]
[EventType "swiss"]
[EventRounds "9"]
[EventCountry "CAN"]

1. d4 d5 2. c4 e6 3. Nc3 c6 4. e4 dxe4 5. Nxe4 Bb4+ 6. Bd2 Qxd4 7. Bxb4 Qxe4+
8. Be2 Na6 9. Ba5 b6 10. Qd6 Bd7 11. Bc3 f6 12. Nf3 Nh6 13. O-O-O Nc5 14. Rhe1
O-O-O 15. Bf1 Qg6 16. Ne5 fxe5 17. Bxe5 Kb7 18. b4 Na6 19. b5 cxb5 20. cxb5 Nf7
21. bxa6+ Ka8 22. Qd3 Nxe5 23. Rxe5 Qxd3 24. Bxd3 Kb8 25. f3 Bc8 26. Bc4 Rxd1+
27. Kxd1 Rd8+ 28. Kc2 h6 29. Re4 Rd6 30. Rf4 e5 31. Rf8 Kc7 32. Rg8 Bf5+ 33.
Kc3 Rd7 34. Re8 Kd6 35. g4 Rc7 36. gxf5 b5 37. Re6+ Kd7 38. Rxe5 Rxc4+ 39. Kd3
Ra4 40. Rxb5 Rxa6 41. Rb7+ Kd6 42. Rxg7 Ke5 43. Rg6 Ra3+ 44. Kc4 Kxf5 45. Rg2
a5 46. Kb5 h5 47. Kc4 Kf4 48. Kb5 h4 49. Rg4+ Kxf3 50. Rxh4 Rxa2 51. Ra4 Rxa4
52. Kxa4 Kg4 53. Kxa5 Kh3 54. Kb5 Kxh2 1/2-1/2

[Event "Quebec op"]
[Site "Montreal CAN"]
[Date "2023.08.01"]
[Round "5.6"]
[White "Batorshyn, Ilia"]
[Black "Chiku-Ratte, Olivier-Kenta"]
[Result "1/2-1/2"]
[WhiteElo "2014"]
[BlackElo "2318"]
[PlyCount "133"]
[EventDate "2023.07.29"]
[EventType "swiss"]
[EventRounds "9"]
[EventCountry "CAN"]

1. b3 c5 2. Bb2 Nc6 3. Nf3 d6 4. d4 cxd4 5. Nxd4 Nf6 6. Nxc6 bxc6 7. g3 Qa5+ 8.
Qd2 Qxd2+ 9. Nxd2 d5 10. Bg2 e6 11. O-O Bb4 12. Rfd1 O-O 13. Rac1 a5 14. a3
Bxd2 15. Rxd2 a4 16. Bxf6 gxf6 17. b4 Ba6 18. e4 Rac8 19. Bf1 Bxf1 20. Kxf1 f5
21. exf5 e5 22. f6 Rfe8 23. c4 d4 24. Re1 c5 25. bxc5 h5 26. f4 Rxc5 27. Rxe5
Rexe5 28. fxe5 Rxc4 29. Ke2 Kh7 30. Kd3 Rc3+ 31. Kxd4 Rxa3 32. Rf2 Kg8 33. Rb2
Rf3 34. Ke4 Rb3 35. Rc2 Rb8 36. Ra2 Ra8 37. Ra3 Ra5 38. Kf5 Kh7 39. h3 Kh6 40.
g4 h4 41. g5+ Kh7 42. Rd3 Ra7 43. Rd4 a3 44. Rxh4+ Kg8 45. g6 fxg6+ 46. Kxg6 a2
47. f7+ Rxf7 48. Ra4 Rg7+ 49. Kf6 Rf7+ 50. Ke6 Rf2 51. Kd7 Kf7 52. e6+ Kf6 53.
e7 Rd2+ 54. Ke8 Re2 55. Ra6+ Re6 56. Rxe6+ Kxe6 57. Kf8 a1=Q 58. e8=Q+ Kf6 59.
Qe7+ Kg6 60. Qf7+ Kh6 61. Qf4+ Kg6 62. Qg4+ Kh6 63. Qe6+ Kh5 64. Kf7 Qa7+ 65.
Kf6 Qf2+ 66. Kg7 Qa7+ 67. Qf7+ 1/2-1/2

[Event "Quebec op"]
[Site "Montreal CAN"]
[Date "2023.08.02"]
[Round "6.7"]
[White "Chiku-Ratte, Olivier-Kenta"]
[Black "Libersan, Thierry"]
[Result "1-0"]
[WhiteElo "2318"]
[BlackElo "1920"]
[PlyCount "95"]
[EventDate "2023.07.29"]
[EventType "swiss"]
[EventRounds "9"]
[EventCountry "CAN"]

1. d4 Nf6 2. c4 e6 3. Nf3 d5 4. g3 Be7 5. Bg2 O-O 6. O-O b6 7. cxd5 exd5 8. Nc3
Bb7 9. Bf4 a6 10. Rc1 Nbd7 11. Nh4 c5 12. Nf5 Re8 13. Bd6 Bf8 14. Bxf8 Nxf8 15.
dxc5 bxc5 16. Ne3 d4 17. Bxb7 Rb8 18. Bxa6 dxe3 19. Qxd8 exf2+ 20. Rxf2 Rexd8
21. Na4 Ne6 22. Bc4 Ne4 23. Rf5 Nd4 24. Rd5 Nd2 25. Rxc5 Nxc4 26. R1xc4 Nxe2+
27. Kf2 Nd4 28. Re5 Ne6 29. b3 Ra8 30. Rc2 g6 31. Kg2 Kg7 32. Nc5 Nd4 33. Rd2
Nc6 34. Ree2 Rxd2 35. Rxd2 Nb4 36. a4 Rc8 37. Ne4 Rb8 38. Rd7 Nc6 39. Nc5 Na5
40. Rd3 Rb4 41. Rc3 h5 42. h4 Kh6 43. Rf3 Kg7 44. Rf4 Rb6 45. b4 Nc6 46. b5 Ne5
47. Rb4 Ng4 48. a5 1-0

[Event "Quebec op"]
[Site "Montreal CAN"]
[Date "2023.08.03"]
[Round "7.4"]
[White "Chiku-Ratte, Olivier-Kenta"]
[Black "Perez Rodriguez, Luis Manuel"]
[Result "1/2-1/2"]
[WhiteElo "2318"]
[BlackElo "2328"]
[PlyCount "179"]
[EventDate "2023.07.29"]
[EventType "swiss"]
[EventRounds "9"]
[EventCountry "CAN"]

1. d4 d5 2. c4 c6 3. Nf3 Nf6 4. Qb3 dxc4 5. Qxc4 Bf5 6. g3 e6 7. Bg2 Be7 8. O-O
O-O 9. Nc3 Nbd7 10. Re1 b5 11. Qb3 b4 12. Na4 Be4 13. Rd1 Qa5 14. Nd2 Bxg2 15.
Kxg2 Qb5 16. Nc4 Rac8 17. Bf4 c5 18. dxc5 Nxc5 19. Nxc5 Rxc5 20. Rd4 Rfc8 21.
Bd6 Rxc4 22. Rxc4 Rxc4 23. Bxe7 Nd5 24. Bg5 h6 25. Be3 Re4 26. Bxa7 Qb7 27. Qf3
Rxe2 28. Kg1 Rxb2 29. Bd4 Rd2 30. Be3 Rc2 31. Bd4 Qc6 32. h4 Qc4 33. Be5 Rxa2
34. Rxa2 Qxa2 35. Qg4 g6 36. Qd1 Qc4 37. h5 Qe4 38. Qa1 Kh7 39. Bh8 Nc3 40.
Bxc3 bxc3 41. hxg6+ Kxg6 42. Qxc3 h5 43. Qh8 Qf3 44. Qg8+ Kf6 45. Qd8+ Kf5 46.
Qe7 Kg6 47. Qd8 Kg7 48. Qg5+ Kh7 49. Qe7 Qf5 50. Kg2 Kg7 51. Kg1 Qf6 52. Qb4
Qe5 53. Qh4 Kg6 54. Qd8 Qf6 55. Qg8+ Kh6 56. Qf8+ Kg6 57. Qg8+ Qg7 58. Qd8 Kh7
59. Qh4 Qg4 60. Qf6 Kg8 61. Kh2 Qg6 62. Qd8+ Kg7 63. Kg1 Qb1+ 64. Kh2 Qf5 65.
Kg1 e5 66. Qh4 Kg6 67. Qd8 Qf6 68. Qg8+ Kh6 69. Qe8 Kh7 70. Qc8 Qf3 71. Qd8 Qf5
72. Qe7 Kg7 73. Qd6 e4 74. Qd4+ Kh7 75. Qd8 Kg7 76. Qe7 Kh7 77. Qd8 Qf3 78. Qe7
Qf5 79. Qd8 Qe5 80. Qf8 Qe6 81. Qd8 f6 82. Qc7+ Kg6 83. Qf4 Qf5 84. Qb8 Qd5 85.
Qe8+ Kg5 86. Qe7 Qf5 87. Qg7+ Qg6 88. Qe7 Kh6 89. Qb4 Kg7 90. Qd4 1/2-1/2

[Event "Quebec op"]
[Site "Montreal CAN"]
[Date "2023.08.04"]
[Round "8.4"]
[White "Lawson, Eric"]
[Black "Chiku-Ratte, Olivier-Kenta"]
[Result "0-1"]
[WhiteElo "2221"]
[BlackElo "2318"]
[PlyCount "82"]
[EventDate "2023.07.29"]
[EventType "swiss"]
[EventRounds "9"]
[EventCountry "CAN"]

1. e4 c5 2. Nf3 e6 3. d4 cxd4 4. Nxd4 Nc6 5. Nc3 Qc7 6. Be3 a6 7. g4 b5 8. Nxc6
dxc6 9. Qd2 e5 10. g5 Ne7 11. a4 b4 12. Ne2 Be6 13. Bc5 a5 14. Bd6 Qb6 15. Bxe5
Ng6 16. Bg3 Rd8 17. Qc1 Bc5 18. Bg2 Bc4 19. h4 b3 20. c3 Qa6 21. Bf1 O-O 22. h5
Ne7 23. Be5 Rfe8 24. Bd4 Bxd4 25. Nxd4 Bxf1 26. Rxf1 Nd5 27. f3 Nb4 28. cxb4
Rxd4 29. b5 cxb5 30. Qc5 Red8 31. axb5 Qe6 32. Rc1 Rxe4+ 33. Kf2 Re5 34. Rfd1
Re8 35. Qc6 Qh3 36. Qxe8+ Rxe8 37. h6 Qh2+ 38. Kf1 Qe2+ 39. Kg1 Qe3+ 40. Kg2
Qxg5+ 41. Kf1 Qxb5+ 0-1

[Event "Quebec op"]
[Site "Montreal CAN"]
[Date "2023.08.04"]
[Round "9.1"]
[White "Chiku-Ratte, Olivier-Kenta"]
[Black "Bruzon Batista, Lazaro"]
[Result "0-1"]
[WhiteElo "2318"]
[BlackElo "2609"]
[PlyCount "108"]
[EventDate "2023.07.29"]
[EventType "swiss"]
[EventRounds "9"]
[EventCountry "CAN"]

1. d4 Nf6 2. c4 e6 3. Nf3 d5 4. g3 Be7 5. Bg2 O-O 6. Nbd2 c6 7. O-O b6 8. Qc2
c5 9. cxd5 exd5 10. Ne5 Bb7 11. b3 Na6 12. Bb2 Rc8 13. Rad1 Rc7 14. dxc5 Nxc5
15. Qf5 Qc8 16. Qxc8 Rfxc8 17. Bh3 Ne6 18. Bf5 g6 19. Bb1 Ba6 20. Rfe1 d4 21.
Nef3 Rd8 22. a3 Nd5 23. Nxd4 Nxd4 24. Bxd4 Nc3 25. Bxc3 Rxc3 26. Bd3 Bxd3 27.
exd3 Bxa3 28. Nb1 Rxb3 29. Nxa3 Rxa3 30. d4 Kf8 31. d5 Rd6 32. Rd4 Rc3 33. Kg2
a5 34. Re2 b5 35. Ra2 a4 36. Rb2 Rc5 37. Rbd2 Ke7 38. Kf3 Kd7 39. Ke4 a3 40.
Ra2 Ra6 41. Rb4 Kd6 42. Ke3 Kxd5 43. Rb3 Kc4 44. Rbxa3 Rxa3+ 45. Rxa3 b4 46.
Ra7 Kc3 47. g4 b3 48. Rxf7 b2 49. Rb7 Rc4 50. Rxb2 Kxb2 51. f4 Kc3 52. h4 Kb4
53. h5 gxh5 54. g5 Kc5 0-1

[Event "Francophonie-ch"]
[Site "Yamoussoukro CIV"]
[Date "2023.07.02"]
[Round "1.4"]
[White "Chiku-Ratte, Olivier-Kenta"]
[Black "Nomenjanahary, Fanilo"]
[Result "1-0"]
[WhiteElo "2318"]
[BlackElo "1590"]
[PlyCount "45"]
[EventDate "2023.07.02"]
[EventType "swiss"]
[EventRounds "9"]
[EventCountry "IVO"]
[Source "ChessMix"]
[SourceDate "2023.07.20"]

1. a3 g6 2. Nf3 Bg7 3. e4 d6 4. d4 Nf6 5. Nc3 O-O 6. h3 e5 7. d5 c6 8. Bg5 h6
9. Be3 Kh8 10. Qd2 Ng8 11. dxc6 f5 12. O-O-O Nxc6 13. Qxd6 Qa5 14. Rd5 Qd8 15.
Qxg6 Qe7 16. Bc5 Rf6 17. Qh5 Qc7 18. Nb5 Qa5 19. b4 Qa4 20. Kb2 Nce7 21. Rd8
fxe4 22. Bxe7 Re6 23. Qe8 1-0

[Event "Francophonie-ch"]
[Site "Yamoussoukro CIV"]
[Date "2023.07.03"]
[Round "2.4"]
[White "Guipi Bopala, Prince Eric Jr"]
[Black "Chiku-Ratte, Olivier-Kenta"]
[Result "0-1"]
[WhiteElo "1861"]
[BlackElo "2318"]
[PlyCount "74"]
[EventDate "2023.07.02"]
[EventType "swiss"]
[EventRounds "9"]
[EventCountry "IVO"]
[Source "ChessMix"]
[SourceDate "2023.07.20"]

1. d4 Nf6 2. c4 g6 3. Nc3 c5 4. d5 Bg7 5. e4 O-O 6. Nf3 e6 7. Be2 exd5 8. cxd5
d6 9. O-O Bg4 10. Nd2 Bxe2 11. Qxe2 Re8 12. Qd3 Ng4 13. Nc4 Ne5 14. Nxe5 Bxe5
15. Bd2 Nd7 16. f4 Bd4+ 17. Kh1 a6 18. a4 Rc8 19. b3 Qh4 20. Ra2 Nf6 21. Be1
Qh5 22. Ne2 Nxe4 23. Nxd4 cxd4 24. Qxd4 Rc1 25. Kg1 Rd1 26. Qb4 Nf6 27. Bg3
Rxf1+ 28. Kxf1 Qd1+ 29. Be1 Nxd5 30. Qd2 Ne3+ 31. Kg1 Qxb3 32. Rb2 Qc4 33. Qe2
Qc5 34. Bf2 Qc1+ 35. Be1 Qc6 36. Qf3 Qxf3 37. gxf3 Nd1 0-1

[Event "Francophonie-ch"]
[Site "Yamoussoukro CIV"]
[Date "2023.07.04"]
[Round "3.4"]
[White "Chiku-Ratte, Olivier-Kenta"]
[Black "NAIT ELASRI BRAHIM"]
[Result "1-0"]
[WhiteElo "2318"]
[BlackElo "2030"]
[PlyCount "141"]
[EventDate "2023.07.02"]
[EventType "swiss"]
[EventRounds "9"]
[EventCountry "IVO"]
[Source "ChessMix"]
[SourceDate "2023.07.20"]

1. c4 Nf6 2. Nc3 g6 3. d4 Bg7 4. e4 d6 5. f4 c5 6. d5 O-O 7. Nf3 e6 8. Be2 Re8
9. Nd2 exd5 10. cxd5 Ng4 11. Bxg4 Qh4+ 12. g3 Qxg4 13. Qxg4 Bxg4 14. Nb5 Na6
15. Nxd6 Re7 16. h3 Rd8 17. Nxf7 Kxf7 18. hxg4 Rxd5 19. Kf2 Rd3 20. e5 h6 21.
Ne4 Nb4 22. Bd2 Red7 23. Bxb4 cxb4 24. e6+ Kxe6 25. Nc5+ Kf7 26. Nxd3 Rxd3 27.
Rad1 Rxd1 28. Rxd1 Bxb2 29. Rd7+ Kg8 30. Rxb7 Bd4+ 31. Kf3 Bb6 32. Ke4 Bf2 33.
Rxb4 Bxg3 34. Rb8+ Kg7 35. Rb7+ Kf6 36. Rxa7 Bf2 37. Ra6+ Kf7 38. f5 g5 39.
Rxh6 Be1 40. a4 Bb4 41. Rb6 Ba5 42. Rb5 Bc7 43. Rb7 Kf6 44. Kd5 Ba5 45. Rb5 Be1
46. a5 Bf2 47. a6 Be3 48. Kc6 Ke7 49. Re5+ Kf6 50. Rxe3 Kf7 51. Re6 Kg7 52. a7
Kf7 53. a8=N Kg7 54. Nc7 Kf7 55. Nd5 Kg7 56. Rg6+ Kf7 57. Kd7 Kf8 58. Ke6 Ke8
59. f6 Kf8 60. Ne7 Ke8 61. Rxg5 Kd8 62. f7 Kc7 63. Rc5+ Kb6 64. Kd6 Kb7 65.
Rb5+ Ka7 66. Kc6 Ka6 67. f8=N Ka7 68. Nd7 Ka6 69. Nc5+ Ka7 70. Ra5+ Kb8 71.
Nd7# 1-0

[Event "Francophonie-ch"]
[Site "Yamoussoukro CIV"]
[Date "2023.07.04"]
[Round "4.1"]
[White "Rodrigue-Lemieux, Shawn"]
[Black "Chiku-Ratte, Olivier-Kenta"]
[Result "0-1"]
[WhiteElo "2495"]
[BlackElo "2318"]
[PlyCount "74"]
[EventDate "2023.07.02"]
[EventType "swiss"]
[EventRounds "9"]
[EventCountry "IVO"]
[Source "ChessMix"]
[SourceDate "2023.07.20"]

1. e4 c5 2. Nf3 e6 3. d4 cxd4 4. Nxd4 Nc6 5. Bf4 d6 6. Nxc6 bxc6 7. c4 Rb8 8.
Qc2 Nf6 9. Nc3 e5 10. Be3 Ng4 11. Bxa7 Rb7 12. h3 Rxa7 13. hxg4 Bxg4 14. Be2
Be6 15. Rd1 Qb6 16. O-O Be7 17. b3 h5 18. Na4 Qb4 19. Rd3 g6 20. Rfd1 O-O 21.
c5 d5 22. exd5 cxd5 23. Rxd5 Bxd5 24. Rxd5 Rd8 25. Bf3 Rxd5 26. Bxd5 Kg7 27. c6
Qe1+ 28. Kh2 Bd6 29. g3 h4 30. gxh4 Qf1 31. Be4 f5 32. Nc5 fxe4 33. Ne6+ Kh7
34. Ng5+ Kh8 35. Nxe4 Rf7 36. Ng5 e4+ 37. f4 exf3# 0-1

[Event "Francophonie-ch"]
[Site "Yamoussoukro CIV"]
[Date "2023.07.08"]
[Round "6.2"]
[White "Chiku-Ratte, Olivier-Kenta"]
[Black "Damia, Angelo"]
[Result "1/2-1/2"]
[WhiteElo "2318"]
[BlackElo "2240"]
[PlyCount "81"]
[EventDate "2023.07.02"]
[EventType "swiss"]
[EventRounds "9"]
[EventCountry "IVO"]
[Source "ChessMix"]
[SourceDate "2023.07.20"]

1. d4 g6 2. c4 Bg7 3. Nc3 d6 4. e4 e5 5. Be3 Nc6 6. d5 Nce7 7. Qd2 f5 8. f3 Nf6
9. O-O-O fxe4 10. fxe4 Ng4 11. Bg5 Bf6 12. Nf3 h6 13. Bxf6 Nxf6 14. Be2 Kf7 15.
Rdf1 Kg7 16. Ne1 Bd7 17. Nc2 Rf8 18. Ne3 Nh7 19. h4 Rxf1+ 20. Rxf1 Ng8 21. h5
Qg5 22. hxg6 Kxg6 23. g4 Rf8 24. Nf5 Qxd2+ 25. Kxd2 Kg5 26. Ke3 Nhf6 27. Rg1
Rf7 28. Nb1 Nh7 29. b4 Kf6 30. Nd2 Bxf5 31. gxf5 Rg7 32. Rh1 Rg3+ 33. Nf3 Ng5
34. Rh4 Nxf3 35. Bxf3 Rg1 36. Kf2 Ra1 37. Rg4 Rxa2+ 38. Kg3 Ne7 39. Rh4 Ng8 40.
Rg4 Ne7 41. Rh4 1/2-1/2

[Event "Francophonie-ch"]
[Site "Yamoussoukro CIV"]
[Date "2023.07.10"]
[Round "7.2"]
[White "De Gondo, Simplice Armel"]
[Black "Chiku-Ratte, Olivier-Kenta"]
[Result "0-1"]
[WhiteElo "2035"]
[BlackElo "2318"]
[PlyCount "127"]
[EventDate "2023.07.02"]
[EventType "swiss"]
[EventRounds "9"]
[EventCountry "IVO"]
[Source "ChessMix"]
[SourceDate "2023.07.20"]

1. e4 c5 2. Nf3 e6 3. d4 cxd4 4. Nxd4 Nc6 5. Nc3 Qc7 6. Be3 a6 7. Qd2 Nf6 8. f3
Be7 9. O-O-O b5 10. g4 d6 11. g5 Nd7 12. f4 Bb7 13. f5 Nxd4 14. Qxd4 e5 15. Qd2
Rc8 16. a3 Nc5 17. Bd3 Nxd3+ 18. Qxd3 Qc4 19. Rhf1 Qxd3 20. Rxd3 f6 21. gxf6
gxf6 22. Rg1 Bf8 23. b3 Kf7 24. Kb2 Rg8 25. Rxg8 Kxg8 26. Nd5 Kf7 27. Rc3 Rc6
28. Rxc6 Bxc6 29. c4 bxc4 30. bxc4 Ba4 31. Kc3 Bd1 32. Kd3 a5 33. Bd2 a4 34.
Bb4 Bb3 35. Nc7 Ke7 36. c5 Kd7 37. cxd6 Bxd6 38. Bxd6 Kxd6 39. Nb5+ Kc6 40. Nc3
Kc5 41. Nb1 Bc4+ 42. Kc3 Bf1 43. Nd2 Be2 44. Nb1 Bh5 45. Kd3 Bf7 46. Nd2 Bb3
47. h4 Bd1 48. Kc3 Be2 49. Nb1 Kd6 50. Kb4 Bd3 51. Nc3 Bc2 52. Kb5 Bd3+ 53.
Kxa4 Kc5 54. Nd5 Bc2+ 55. Ka5 Bxe4 56. Nxf6 Bxf5 57. Nh5 e4 58. Ka6 e3 59. Ng3
e2 60. Nxe2 Bd3+ 61. Kb7 Bxe2 62. Kc7 Kd5 63. a4 Ke5 64. a5 0-1